Countries With Footballers in the UCL Finals (2016-2020) - Statistics

General Stats
  • This quiz has been taken 742 times
  • The average score is 20 of 29
Answer Stats
# Players Country % Correct
10 Antoine Griezmann, Corentin Tolisso, Hugo Lloris, Karim Benzema, Kingsley Coman, Kylian Mbappé, Layvin Kurzawa, Moussa Sissoko, Presnel Kimpembe & Raphaël Varane France
98%
17 Álvaro Morata, Ander Herrera, Dani Carvajal, Fernando Llorente, Fernando Torres, Gabi, Isco, Juanfran, Juan Bernat, Koke, Lucas Hernández, Lucas Vázquez, Marco Asensio, Nacho, Saúl, Sergio Ramos & Thiago Spain
98%
11 Adam Lallana, Danny Rose, Dele Alli, Eric Dier, Harry Kane, Harry Winks, James Milner, Joe Gomez, Jordan Henderson, Kieran Trippier & Trent Alexander-Arnold England
97%
13 Emre Can, Jérôme Boateng, Joshua Kimmich, Julian Draxler, Leon Goretzka, Loris Karius, Manuel Neuer, Niklas Süle, Sami Khedira, Serge Gnabry, Thilo Kehrer, Thomas Müller & Toni Kroos Germany
96%
13 Alisson, Alex Sandro, Casemiro, Danilo, Dani Alves, Fabinho, Filipe Luís, Marcelo, Marquinhos, Neymar, Philippe Coutinho, Roberto Firmino & Thiago Silva Brazil
95%
5 Ángel Di María, Augusto Fernández, Gonzalo Higuaín, Leandro Paredes & Paulo Dybala Argentina
92%
6 Andrea Barzagli, Claudio Marchisio, Gianluigi Buffon, Giorgio Chiellini, Leonardo Bonucci & Marco Verratti Italy
92%
2 Cristiano Ronaldo & Pepe Portugal
91%
2 Georginio Wijnaldum & Virgil van Dijk Netherlands
86%
4 Dejan Lovren, Ivan Perišić, Luka Modric & Mario Mandžukić Croatia
83%
4 Divock Origi, Jan Vertonghen, Toby Alderweireld & Yannick Carrasco Belgium
81%
1 Mohamed Salah Egypt
80%
1 Sadio Mané Senegal
78%
1 Gareth Bale Wales
72%
1 Andrew Robertson Scotland
71%
1 Diego Godín Uruguay
71%
1 Robert Lewandowski Poland
70%
1 Juan Cuadrado Colombia
69%
1 David Alaba Austria
59%
1 Christian Eriksen Denmark
59%
2 Eric Maxim Choupo-Moting & Joël Matip Cameroon
56%
1 Alphonso Davies Canada
53%
1 Son Heung-min South Korea
53%
1 Keylor Navas Costa Rica
50%
1 Thomas Ghana
42%
1 Jan Oblak Slovenia
41%
1 Miralem Pjanić Bosnia and Herzegovina
39%
1 Mario Lemina Gabon
18%
1 Stefan Savić Montenegro
18%
No matching quizzes found
Score Distribution
Percent of People with Each Score
Percentile by Number Answered
Your Score History
You have not taken this quiz